02684cam a22005534i 4500003000900000005001700009008004100026020001500067035002700082040003300109049000900142082002100151100003200172245006300204264007300267300008000340336002100420337002500441338002300466490005100489504002800540505077800568526001001346526001001356526000901366526000901375526000901384526000901393526000901402526000901411526000801420526000801428526000801436526000801444526000801452526000801460526000801468526000801476541001201484650001601496650002601512942001401538949013801552994001401690596000601704999017601710980005501886952018901941PE-LiUPU20250731180118.0150623s r 000 0 d a9586002683 a(Sirsi) i9789586002684 aPE-LiUPUbspacPE-LiUPUerda aPRUA04a574.500 8bM2211 aCalvo Roy, Antonio,eautor.13aLa Antártida :bcatedral del hielo /cAntonio Calvo Roy. 1aBogotá, Colombia :bMcGraw-Hill Interamericana de España,c1994. a147 páginas :bilustraciones fotos, mapas, gráficos ;c21 centímetros atext2rdacontent aunmediated2rdamedia avolume2rdacarrier0 aMcGraw-Hill de Divulgación Científica ;v2 aIncluye bibliografía.0 aEl último rincón de la tierra: El mundo era redondo. ¿Qué hace allí ese montón de hielo?. Los descubridores. El primero tesoro blanco. La decepción de las ballenas. -Un contimente peculiar: El frío del sur. Todo el hielo del planeta. La capa de ozono. El krill, alimento universal. Ballenas: las señoras del mar. Las focas. Los peces. Pájaros de hielo. Los Pingüinos, elegancia antártica. La flora. -Política de guante blanco. Ciencia y política. La peral de la diplomacia. Acuerdos para proteger. Los minerales de Wellington. El protocolo de Madrid. ¿Turismo en el Parque Mundial? -España en la Antárdida: Los pioneros. La base Juan Carlos I. El "Hespérides". -Texto del Tratado Antártico. -Países miembros y fecha de adhesión. aSEG44 aSEG26 aP159 aP155 aP154 aP153 aP150 aP100 aP31 aP30 aP26 aP25 aP24 aP22 aP15 aP10 g002537;14aAntarctica.24aRegiones antarcticas. 2ddccBOOK a574.500 8 MwDEWEYc1i51380lCCODEBUL1mBULp112.00r0sYtBOOKu2015-6-24xINGENIERIAzUNKNOWN0COMPRAo.STAFF. Colección General aC0bPEPRU a1 a574.500 8 MwDEWEYc33098i51380e2017-4-6f2021-11-9g7lCCODEBUL1mBULn1p112.00r0sYtBOOKu2015-6-24xINGENIERIAzUNKNOWN0COMPRAo.STAFF. Colección Generald33098 81gALBERTO SANCHEZ Responsable de Automatización r2025-12-02 00:00:00i8l1o574.500 8 Mp51380s2017-04-06te1v117.00w2015-06-24xFACIHEDyBKzinventario-2023-12-13102ddc50708GENfP10aBULbBULcGENd2015-06-24eCOMPRAg112.00